书目信息 |
| 题名: |
现代控制理论基础
|
|
| 作者: | 王孝武 主编 | |
| 分册: | ||
| 出版信息: | 北京 机械工业出版社 1998.10 |
|
| 页数: | 277页 | |
| 开本: | 26cm | |
| 丛书名: | ||
| 单 册: | ||
| 中图分类: | TP , O231-43 | |
| 科图分类: | ||
| 主题词: | 控制论--数学理论 , 信息论--数学理论 | |
| 电子资源: | ||
| ISBN: | 7-111-06228-0 | |
| 000 | 00623nam0 2200217 45 | |
| 001 | 0331374099 | |
| 005 | 2003032908425382 | |
| 010 | @a7-111-06228-0@dRMB 24.50 | |
| 100 | @a20030329d1998 km y0chiy0120 ea | |
| 101 | 0 | @achi |
| 102 | @aCN@b110000 | |
| 200 | 1 | @a现代控制理论基础@Axian dai kong zhi li lun ji chu@f王孝武主编@Fwang xiao wu zhu bian |
| 210 | @a北京@c机械工业出版社@d1998.10 | |
| 215 | @a277页@d26cm | |
| 606 | 0 | @a控制论@x数学理论 |
| 606 | 0 | @a信息论@x数学理论 |
| 690 | @aTP@v3 | |
| 690 | @aO231-43@v4 | |
| 701 | 0 | @a王孝武@Awang xiao wu@4主编 |
| 801 | 0 | @aCN@bPFT@c20030329 |
| 905 | @a10447@dO231-43@eW380 | |
| 现代控制理论基础/王孝武主编.-北京:机械工业出版社,1998.10 |
| 277页;26cm |
| ISBN 7-111-06228-0:RMB 24.50 |
| ● |
| 相关链接 |
|
|
|
正题名:现代控制理论基础
索取号:O231-43/W380
 
预约/预借
| 序号 | 登录号 | 条形码 | 馆藏地/架位号 | 状态 | 备注 |
| 1 | 367005 | 203670054 | 自科库401/ [索取号:O231-43/W380] | 在馆 | |
| 2 | 367006 | 203670063 | 自科库401/401自科库 48排6列3层/ [索取号:O231-43/W380] | 在馆 |